书目信息 |
| 题名: |
除尘装置的性能
|
|
| 作者: | 井伊谷钢一 编著 ;马文彦 译 | |
| 分册: | ||
| 出版信息: | 北京 机械工业出版社 1986 |
|
| 页数: | 289页 | |
| 开本: | 19cm | |
| 丛书名: | ||
| 单 册: | ||
| 中图分类: | X964 | |
| 科图分类: | ||
| 主题词: | 空气净化装置-通风除尘--性能 , 通风除尘-空气净化装置--性能 , 劳动卫生--卫生工程 | |
| 电子资源: | ||
| ISBN: | ||
| 000 | 00805nam0 2200277 45 | |
| 001 | 0186001240 | |
| 005 | 20061126161929.96 | |
| 010 | @dCNY2.25 | |
| 091 | @aCN@b15033.5835 | |
| 100 | @a19901014d1986 em y0chiy0121 ea | |
| 101 | 1 | @achi@cjpn |
| 102 | @aCN@b110000 | |
| 105 | @ay z 000yy | |
| 200 | 10 | @a除尘装置的性能@Achu chen zhuang zhi de xing neng@f(日)井伊谷钢一编著@g马文彦译 |
| 210 | @a北京@c机械工业出版社@d1986 | |
| 215 | @a289页@d19cm | |
| 300 | @a根据日本1977年日文版译出 | |
| 606 | @a空气净化装置-通风除尘@x性能 | |
| 606 | @a通风除尘-空气净化装置@x性能 | |
| 606 | 0 | @a劳动卫生@x卫生工程 |
| 690 | @aX964@v3 | |
| 701 | 0 | @a井伊谷钢一@Ajing yi gu gang yi@4编著 |
| 702 | 0 | @a马文彦@Ama wen yan@4译 |
| 801 | 2 | @aCN@bNLC@c20061126 |
| 801 | 0 | @aCN@bTSSF |
| 905 | @a10447@dX964@e1 | |
| 除尘装置的性能/(日)井伊谷钢一编著/马文彦译.-北京:机械工业出版社,1986 |
| 289页;19cm |
| 根据日本1977年日文版译出 |
| ISBN :CNY2.25 |
| ● |
| 相关链接 |
|
|
|
|
正题名:除尘装置的性能
索取号:X964/1
 
预约/预借
| 序号 | 登录号 | 条形码 | 馆藏地/架位号 | 状态 | 备注 |
| 1 | 0257860 | 001485896 | 第二样本阅览室/ [索取号:X964/1] | 在馆 |